Astronomy and Astrophysics abstracts (Record no. 9776)
[ view plain ]
| 000 -LEADER | |
|---|---|
| fixed length control field | 01007nam a2200289Ia 4500 |
| 003 - CONTROL NUMBER IDENTIFIER | |
| control field | IN-BaIIA |
| 008 - FIXED-LENGTH DATA ELEMENTS--GENERAL INFORMATION | |
| fixed length control field | 211028s9999 xx 000 0 eng d |
| 020 ## - INTERNATIONAL STANDARD BOOK NUMBER | |
| International Standard Book Number | 3-540-523 08-1 |
| 040 ## - CATALOGING SOURCE | |
| Transcribing agency | IIA Library |
| 080 ## - UNIVERSAL DECIMAL CLASSIFICATION NUMBER | |
| Universal Decimal Classification number | 049.1:52 |
| Item number | 89-49B |
| 245 #0 - TITLE STATEMENT | |
| Title | Astronomy and Astrophysics abstracts |
| Remainder of title | vol. 49A, 1989, pt.1 |
| Statement of responsibility, etc. | edited by G. Burkhardt…[ et al.] |
| 260 ## - PUBLICATION, DISTRIBUTION, ETC. | |
| Place of publication, distribution, etc. | Berlin |
| Name of publisher, distributor, etc. | Springer-Verlag |
| Date of publication, distribution, etc. | 1990 |
| 300 ## - PHYSICAL DESCRIPTION | |
| Extent | viii, 641-1423p. |
| 650 ## - SUBJECT ADDED ENTRY--TOPICAL TERM | |
| Topical term or geographic name entry element | Abstracts-Astronomy and Astrophysics |
| 9 (RLIN) | 6051 |
| 650 ## - SUBJECT ADDED ENTRY--TOPICAL TERM | |
| Topical term or geographic name entry element | Astronomy and Astrophysics Abstracts |
| 9 (RLIN) | 6052 |
| 650 ## - SUBJECT ADDED ENTRY--TOPICAL TERM | |
| Topical term or geographic name entry element | Astronomy and Astrophysics Thesaurus |
| 700 ## - ADDED ENTRY--PERSONAL NAME | |
| Personal name | Burkhardt G., ed. |
| 9 (RLIN) | 16551 |
| 700 ## - ADDED ENTRY--PERSONAL NAME | |
| Personal name | Hefele, H., ed. |
| 9 (RLIN) | 12355 |
| 700 ## - ADDED ENTRY--PERSONAL NAME | |
| Personal name | Heinrich, I., ed. |
| 9 (RLIN) | 12356 |
| 700 ## - ADDED ENTRY--PERSONAL NAME | |
| Personal name | Hofmann, W., ed. |
| 9 (RLIN) | 12357 |
| 700 ## - ADDED ENTRY--PERSONAL NAME | |
| Personal name | Krahn, D., ed. |
| 9 (RLIN) | 6056 |
| 700 ## - ADDED ENTRY--PERSONAL NAME | |
| Personal name | Matas, V R., ed. |
| 9 (RLIN) | 15488 |
| 700 ## - ADDED ENTRY--PERSONAL NAME | |
| Personal name | Schmadel, L D., ed. |
| 9 (RLIN) | 15489 |
| 700 ## - ADDED ENTRY--PERSONAL NAME | |
| Personal name | Wielen, R., ed. |
| 9 (RLIN) | 16552 |
| 700 ## - ADDED ENTRY--PERSONAL NAME | |
| Personal name | Zech, G., ed. |
| 9 (RLIN) | 16352 |
| 942 ## - ADDED ENTRY ELEMENTS (KOHA) | |
| Koha item type | Books |
| Withdrawn status | Lost status | Source of classification or shelving scheme | Damaged status | Not for loan | Home library | Current library | Shelving location | Date acquired | Total Checkouts | Full call number | Barcode | Date last seen | Price effective from | Koha item type | Purchase Price |
|---|---|---|---|---|---|---|---|---|---|---|---|---|---|---|---|
| Dewey Decimal Classification | IIA Library-Bangalore | IIA Library-Bangalore | General Stacks | 048.1:52/ AAA-49B | 10686 | 05/11/2021 | Books |